000
00263nam a2200109Ia 4500
008
240625s9999 xx 000 0 und d
041
_a
eng
082
_a
658.408 FER
100
_a
FERNANDO A C
245
_a
CORPORATE GOVERNANCE PRINCIPLES POLICIES
260
_c
2009
999
_c
39310
_d
39310